الآثار الشرعية المترتبة على حوادث السير : دراسة فقهية مقارنة بنظام الحوادث بالمملكة العربية السعودية /
Saved in:
| Main Author: | |
|---|---|
| Other Authors: | |
| Format: | Thesis |
| Language: | Arabic |
| Published: |
Irbid :
al-Jami'ah al-Urduniyah,
2005
|
| Subjects: | |
| Tags: |
Add Tag
No Tags, Be the first to tag this record!
|
| LEADER | 017200000a22003010004500 | ||
|---|---|---|---|
| 008 | 140312s2005 jo f 000 0 ara d | ||
| 040 | |a UIAM |b eng | ||
| 041 | |a ara | ||
| 050 | |a KMT4384 | ||
| 100 | 1 | |a ظفيري، نايف بن ناشي بن عمير الذراعي | |
| 242 | 1 | 3 | |a al-Athar al-shar'iyah al-mutarattabah 'ala hawadith al-sayr : |b dirasah fiqhiyah muqaranah bi-nizam al-hawadith bi-al-Mamlakah al-'Arabiyah al-Su'udiyah |
| 245 | 1 | 2 | |a الآثار الشرعية المترتبة على حوادث السير : |b دراسة فقهية مقارنة بنظام الحوادث بالمملكة العربية السعودية / |c إعداد،نايف بن ناشي بن عمير الذراعي الظفيري |
| 246 | |a The sharia effects resulting from traffic accidents | ||
| 260 | |a Irbid : |b al-Jami'ah al-Urduniyah, |c 2005 | ||
| 300 | |a ix, 98 leaves ; |c 30 cm. | ||
| 500 | |a "قدمت هذه الرسالة إستكمالا لمتطلبات الحصول على درجة الماجستير في الفقه وأصوله" --On t.p. | ||
| 500 | |a Abstract in English and Arabic. | ||
| 502 | |a Thesis (M.A.)--Jami'at al-Urduniyah. | ||
| 504 | |a Includes bibliographical references (leaves 94-97). | ||
| 596 | |a 1 | ||
| 650 | 0 | |a Traffic accidents |z Saudi Arabia | |
| 650 | 0 | |a Liability for traffic accidents |z Saudi Arabia | |
| 650 | 0 | |a Accidents |x Religious aspects Islam | |
| 655 | |a Theses, Facsimile edition (Islamic) | ||
| 700 | 1 | |a Zufayri, Nayif ibn Nashi ibn 'Umayr al-zara'i | |
| 900 | |a arf-lfr | ||
| 999 | |c 435160 |d 466974 | ||
| 952 | |0 0 |6 TI D 000041 KMT 4384 Z94A 2005 |7 0 |8 THESES |9 756711 |a IIUM |b IIUM |c MULTIMEDIA |g 220.00 |o ti d41 KMT 4384 Z94A 2005 |p 00011276073 |r 2017-10-23 |t 1 |v 220.00 |y THESIS | ||
